Most Populous Cities in Greece Quiz Stats

Quiz Updated Apr 7, 2016

Challenge
Share
Tweet
Score 0/20 Timer 05:00
8 Plays Today
% Correct
Athens
98.8%
Thessaloniki
72.2%
Patras
58.1%
Heraklion
54.9%
Larissa
54.2%
Volos
51.5%
Rhodes
45.8%
Chania
44.3%
Ioannina
36%
Serres
34.4%
% Correct
Lamia
34.3%
Kalamata
34%
Kavala
33.1%
Chalcis
31.6%
Agrinio
28.8%
Xanthi
27.3%
Trikala
27.3%
Alexandroupoli
25.7%
Katerini
24.4%
Komotini
15.9%

You're not logged in!

Compare scores with friends on all Sporcle quizzes.
Join for Free
OR
Log In

You Might Also Like...

Show Comments

Extras

Top Quizzes Today


Score Distribution

Your Account Isn't Verified!

In order to create a playlist on Sporcle, you need to verify the email address you used during registration. Go to your Sporcle Settings to finish the process.

Report this User

Report this user for behavior that violates our Community Guidelines.

Details: